|
|
|
|
| LEADER |
00000nam a2200000 4500 |
| 001 |
vtls011746945 |
| 003 |
SK-MaSNL |
| 005 |
20260331211227.0 |
| 008 |
200316s2017 hu a 000 0 hun |
| 015 |
|
|
|a SNBZSA2018/05
|
| 020 |
|
|
|a 9789634160489
|q (viazané)
|
| 035 |
|
|
|a urn:nbn:sk:snk-am00dgu8
|
| 035 |
|
|
|a urn:nbn:sk:snk-am3i1so
|
| 035 |
|
|
|a 00EE5FDD-6B97-479F-8603-D8B1E943E166
|
| 040 |
|
|
|a SNK
|b slo
|c SNK
|e rda
|
| 041 |
0 |
|
|a hun
|
| 043 |
|
|
|a e-hu---
|
| 044 |
|
|
|a hu
|c HU
|
| 072 |
|
7 |
|a 63
|x Poľnohospodárstvo a príbuzné oblasti vedy a techniky
|2 konspekt
|
| 080 |
|
|
|a 63
|2 2011
|
| 080 |
|
|
|a 63-051
|2 2011
|
| 080 |
|
|
|a 32(091)
|2 2011
|
| 080 |
|
|
|a 39:001.891
|2 2011
|
| 080 |
|
|
|a 94(439)
|2 2011
|
| 080 |
|
|
|a (048.8)
|2 2011
|
| 080 |
|
|
|a 308(091)
|2 2011
|
| 100 |
1 |
|
|a Csikós, Gábro
|4 red
|9 557624
|
| 245 |
1 |
0 |
|a Életvilágok és társadalmi gyakorlatok a 18-20. században
|c szerkesztőség: Csikós Gábor, Hegedűs István, Horváth Gergely Krisztián főszerkesztő, Ö. Kovács József
|
| 246 |
3 |
3 |
|a Vidéktörténet
|
| 264 |
|
1 |
|a Budapest
|b MTA Bölcsészettudományi Kutatózpont
|c 2017
|
| 300 |
|
|
|a 396 strán
|b tabuľky
|c 25 cm
|
| 336 |
|
|
|a text
|b txt
|2 rdacontent
|
| 337 |
|
|
|a bez média
|b n
|2 rdamedia
|
| 338 |
|
|
|a zväzok
|b nc
|2 rdacarrier
|
| 490 |
1 |
|
|a Vidkétörténet
|x 2498-8804
|v 1
|
| 500 |
|
|
|a Zoznam autorov na strane 393
|
| 500 |
|
|
|a Obsah aj v angličtine
|
| 504 |
|
|
|a Bibliografické odkazy ; poznámky ; bibliografia za jednotlivými článkami
|
| 648 |
|
7 |
|a 18.-20. storočie
|2 SNKPH
|9 277626
|
| 650 |
0 |
7 |
|a poľnohospodárstvo
|2 SNKPH
|9 679
|
| 650 |
0 |
7 |
|a Agriculture
|2 SNKPHeng
|9 265172
|
| 650 |
0 |
7 |
|a roľníci
|2 SNKPH
|9 58923
|
| 650 |
0 |
7 |
|a Peasants
|2 SNKPHeng
|9 132520
|
| 650 |
0 |
7 |
|a politické dejiny
|2 SNKPH
|9 69271
|
| 650 |
0 |
7 |
|a Political history
|2 SNKPHeng
|9 277990
|
| 650 |
0 |
7 |
|a etnografický výskum
|2 SNKPH
|9 4239
|
| 650 |
0 |
7 |
|a Ethnographical research
|2 SNKPHeng
|9 289515
|
| 650 |
0 |
7 |
|a sociálne dejiny
|2 SNKPH
|9 29000
|
| 650 |
0 |
7 |
|a Social history
|2 SNKPHeng
|9 302581
|
| 651 |
|
7 |
|a Maďarsko
|x dejiny
|2 SNKPH
|9 18630
|
| 651 |
|
7 |
|a Hungary
|x history
|2 SNKPHeng
|9 314626
|
| 655 |
|
7 |
|a štúdie
|2 SNKPH
|9 57033
|
| 655 |
|
7 |
|a Studies
|2 SNKPHeng
|9 265573
|
| 700 |
1 |
|
|a Hegdűs, István
|4 red
|9 557625
|
| 700 |
1 |
|
|a Horváth Gergely, Krisztián
|4 lso
|9 557626
|
| 700 |
1 |
|
|a Kovács, József Ö.
|4 red
|9 557627
|
| 830 |
|
0 |
|a Vidéktörténet
|9 557628
|
| 919 |
|
|
|a 978-963-416-048-9
|
| 958 |
|
|
|a ZS
|
| 958 |
|
|
|a NB
|
| 999 |
|
|
|c 855441
|d 857371
|
| 952 |
|
|
|a SNK
|b SNK
|y PREZ
|7 0
|p 17A1322469
|o snkSC 179078
|i snk2018/8153
|8 2
|g 8.01
|0 0
|1 0
|4 0
|d 2018-03-20
|f 1
|l 0
|r 2026-02-24 04:54:59
|w 2026-02-24
|